Clean Fuels for Asia (Record no. 542800)
[ view plain ]
| 000 -LEADER | |
|---|---|
| fixed length control field | 00598cam a22001692 b4500 |
| 020 ## - INTERNATIONAL STANDARD BOOK NUMBER | |
| International Standard Book Number | 0821340336 (Trade Paper) |
| 020 ## - INTERNATIONAL STANDARD BOOK NUMBER | |
| International Standard Book Number | 9780821340332 |
| 082 00 - DEWEY DECIMAL CLASSIFICATION NUMBER | |
| Classification number | 363.738/7/095 |
| Author Mark | CLE |
| -- | D |
| 100 1# - MAIN ENTRY--PERSONAL NAME | |
| Personal name | Walsh, Michael |
| 9 (RLIN) | 38145 |
| 245 10 - TITLE STATEMENT | |
| Title | Clean Fuels for Asia |
| Remainder of title | Technical Options for Moving Toward Unleaded Gasoline and Low-Sulfur Diesel |
| 260 ## - PUBLICATION, DISTRIBUTION, ETC. | |
| Place of publication, distribution, etc. | Washington : |
| Name of publisher, distributor, etc. | World Bank Publications |
| Date of publication, distribution, etc. | Sept. 1997 |
| 520 8# - SUMMARY, ETC. | |
| Summary, etc. | Annotation |
| 526 ## - STUDY PROGRAM INFORMATION NOTE | |
| Program name | 0 |
| Interest level | 0 |
| Reading level | 0 |
| Title point value | 363_738709500000000_CLE |
| 700 1# - ADDED ENTRY--PERSONAL NAME | |
| Personal name | Shah, Jitendra J. |
| 9 (RLIN) | 38146 |
| 856 40 - ELECTRONIC LOCATION AND ACCESS | |
| Uniform Resource Identifier | <a href="http://www.columbia.edu/cgi-bin/cul/resolve?clio7973443">http://www.columbia.edu/cgi-bin/cul/resolve?clio7973443</a> |
| 942 ## - ADDED ENTRY ELEMENTS (KOHA) | |
| Source of classification or shelving scheme | |
| Koha item type | Book |
| Withdrawn status | Lost status | Source of classification or shelving scheme | Damaged status | Not for loan | Permanent Location | Current Location | Date acquired | Total Checkouts | Full call number | Barcode | Date last seen | Price effective from | Koha item type |
|---|---|---|---|---|---|---|---|---|---|---|---|---|---|
| Military College of Engineering (MCE) | Military College of Engineering (MCE) | 02/18/2014 | 363.738/7/095 CLE | MCE-42695 | 02/18/2014 | 02/18/2014 | Book |
